Normal view MARC view

Entry Nome pessoal

Number of records used in: 1

001 - NÚMERO DE CONTROLE

  • campo de controle: 454

003 - IDENTIFICADOR DO NÚMERO DE CONTROLE

  • campo de controle: Br

005 - DATA E HORÁRIO DA ÚLTIMA TRANSAÇÃO

  • campo de controle: 20250210091011.0

008 - CAMPO DE DADOS FIXOS

  • campo de controle de tamanho fixo: 110114|| acnacaban aaaa d

035 ## - NÚMERO DE CONTROLE DO SISTEMA

  • Número de Controle do Sistema: 2011011413415929med

040 ## - FONTE DA CATALOGAÇÃO

  • Instituição da catalogação original: blrjbn
  • Instituição que transcreveu o registro: blrjbn

100 1# - CABEÇALHO--NOME PESSOAL

  • Nome pessoal: Forman, Gayle.
  • Datas associadas ao nome: 1970-

670 ## - FONTE POSITIVA DOS DADOS

  • Citação da fonte positiva dos dados: Autor de: Seeu ficar. 2009
  • Dados encontrados na fonte localizada no subcampo: (orelha: escritora premiada e jornalista com artigos publicados em revistas como Cosmopolitan, Elle e Seventeen)

670 ## - FONTE POSITIVA DOS DADOS

  • Citação da fonte positiva dos dados: lc authorities 05/05/10

Powered by Koha